000 00640cam a22002293a 4500
001 31489
003 PGUSA
005 20140828083700.0
008 100303s2010||||xxu|||||s|||||000 1 eng d
040 _aPGUSA
_beng
042 _adc
050 4 _aPR
100 1 _aBrame, Charlotte M.,
_d1836-1884
245 1 2 _aA Mad Love
_h[electronic resource] /
_cCharlotte M. Brame
260 _bProject Gutenberg,
_c2010
506 _aPublic domain in the USA.
516 _aElectronic text
653 _aMan-woman relationships -- Fiction
830 0 _aProject Gutenberg
_v31489
856 4 0 _uhttp://www.gutenberg.org/ebooks/31489
942 _cEB
999 _c260744
_d260744